|
|
|
|
| LEADER |
00000nam0a2200000 4500 |
| 001 |
112316 |
| 005 |
20231101215043.0 |
| 035 |
|
|
|a (RuTPU)RU\TPU\book\121422
|
| 090 |
|
|
|a 112316
|
| 100 |
|
|
|a 20070326d1987 k y0rusy50 ca
|
| 101 |
0 |
|
|a rus
|
| 102 |
|
|
|a RU
|
| 105 |
|
|
|a a b 000zy
|
| 200 |
1 |
|
|a Электронно-физическая аппаратура
|e каталог
|f Всесоюзное объединение "ИЗОТОП"; сост. Г. Н. Ходоров, Г. В. Юрьева, Л. Г. Глинская, Ю. Г. Озерский
|
| 210 |
|
|
|a Москва
|c ЦНИИатоминформ
|d 1987
|
| 215 |
|
|
|a 48 с.
|c ил.
|
| 610 |
1 |
|
|a каталоги
|
| 610 |
1 |
|
|a электронная аппаратура
|
| 610 |
1 |
|
|a блоки
|
| 610 |
1 |
|
|a спектрометры
|
| 610 |
1 |
|
|a импульсы
|
| 675 |
|
|
|a 539.1.074(085)
|v 3
|
| 702 |
|
1 |
|a Ходоров
|b Г. Н.
|4 220
|
| 702 |
|
1 |
|a Юрьева
|b Г. В.
|4 220
|
| 702 |
|
1 |
|a Глинская
|b Л. Г.
|4 220
|
| 702 |
|
1 |
|a Озерский
|b Ю. Г.
|4 220
|
| 712 |
0 |
2 |
|a Всесоюзное объединение "ИЗОТОП"
|9 24919
|
| 801 |
|
2 |
|a RU
|b 63413507
|c 20070327
|g PSBO
|
| 942 |
|
|
|c BK
|